|
|
|
|
| LEADER |
00000cam a2200000 a 4500 |
| 001 |
vtls011471985 |
| 003 |
SK-MaSNL |
| 005 |
20260301220050.0 |
| 008 |
240318s2015 xr a f n 001 0 cze |
| 020 |
|
|
|a 9788087865187
|q (brožované)
|
| 040 |
|
|
|a SNK
|b slo
|c SNK
|e AACR2
|
| 041 |
0 |
|
|a cze
|
| 044 |
|
|
|a xr
|c CZ
|
| 072 |
|
7 |
|a 368
|x Poisťovníctvo
|2 konspekt
|
| 072 |
|
7 |
|a 336.7
|x Financie
|2 konspekt
|
| 080 |
|
|
|a 336:51-7
|2 2011
|
| 080 |
|
|
|a 368:51-7
|2 2011
|
| 080 |
|
|
|a (075.8)
|2 2011
|
| 100 |
1 |
|
|a Cipra, Tomáš,
|d 1952-
|4 aut
|9 105459
|
| 245 |
1 |
0 |
|a Praktický průvodce finanční a pojistnou matematikou
|c Tomáš Cipra
|
| 250 |
|
|
|a 2. vyd.
|
| 260 |
|
|
|a Praha
|b Ekopress
|c 2015
|
| 300 |
|
|
|a 308 s.
|b grafy, obr., tab.
|c 24 cm
|
| 500 |
|
|
|a Celkovo 3. vydydanie, v Ekopressu 2. vydanie
|
| 504 |
|
|
|a Bibliogr.: s. 249-256 ; reg.
|
| 521 |
8 |
|
|a Určené pre študentov stredných a vysokých škôl
|
| 650 |
0 |
7 |
|a finančná matematika
|2 SNKPH
|9 66402
|
| 650 |
0 |
7 |
|a poistná matematika
|2 SNKPH
|9 67937
|
| 650 |
0 |
7 |
|a Business mathematics
|2 SNKPHeng
|9 328645
|
| 650 |
0 |
7 |
|a Actuarial mathematics
|2 SNKPHeng
|9 314156
|
| 655 |
|
7 |
|a učebnice vysokých škôl
|2 SNKPH
|9 70191
|
| 655 |
|
7 |
|a Textbooks (higher)
|2 SNKPHeng
|9 276436
|
| 852 |
|
|
|a Štátna vedecká knižnica v Banskej Bystrici
|
| 919 |
|
|
|a 978-80-87865-18-7
|
| 958 |
|
|
|a NB
|
| 999 |
|
|
|c 930494
|d 932424
|
| 952 |
|
|
|a SNK
|b SNK
|y VYP
|7 0
|p 17A1195729
|o snkIC 142583
|i snk2016/12638
|8 4
|g 14.39
|0 0
|1 0
|4 0
|d 2016-05-11
|l 0
|r 2026-02-24 08:46:40
|w 2026-02-24
|